000 00354nam a2200133Ia 4500
008 231129s1954||||xx |||||||||||||| ||spa||
040 _bspa
082 _a795.415 D278t
100 _aDe Vigne Daniel
245 0 _aTratado completo de remate por puntos : El sistema que revoluciono el bridge
260 _c1954
264 _aZig Zag
942 _2ddc
_cBKS
999 _c25592
_d25592